00510nam a2200181 a 4500001001300000003000900013005001700022008004100039020001000080082001600090245006300106260004100169300000800210500003500218505002400253650002700277710002400304nice12345678IN_TiNIC20260116012423.0050524s1932 laha grp 000 0 eng  ac10000a207.54bHMS aHenry Martyn School of Islamicsb Annual Reports 1932-1945 aLahorebHenry Martyn Institutec1932 a00p aincludes index and biblioraphy2 aBibliography, Index aHenry Martyn Institute2 aHenry Martyn School